Assassinés célèbres - Leur prénom ? - Statistiques

Statistiques générales
  • Ce quiz a été pris 80 fois
  • Le résultat moyen est 25 sur 65
Statistiques - réponses
Par images Hint Réponse % Correct
Président * A {Abraham} Lincoln
84%
Duc * J {Jean} 1er de Bourgogne
84%
Politicien * J {Jean} Jaurès
84%
Pape * J {Jean} VIII
84%
Pape * J {Jean} X
84%
Président * J {John} Kennedy
84%
Duc * F {François} de Guise
82%
Pasteur - M L {Martin Luther} King
79%
Souverain * N {Nicolas} II de Russie
79%
Souverain * H {Henri} IV de Bourbon
77%
Souverain * H {Henri} VI d'Angleterre
77%
Politicien * L {Léon} Trotski
72%
Pape * L {Léon} V
72%
Président * P {Paul} Doumer
70%
Souverain * A {Alexandre} 1er de Yougoslavie
68%
Souverain * A {Alexandre} II de Russie
68%
Archiduc héritier * F-F {François-Ferdinand} d'Autriche
67%
Journaliste * J-P {Jean-Paul} Marat
65%
Souverain * E {Edouard} II d'Angleterre
63%
Souverain * E {Edouard} V d'Angleterre
63%
Ministre * R {Robert} Kennedy
61%
Souveraine * E {Elisabeth} d'Autriche
58%
Souverain * C {Charles} 1er du Portugal
54%
Ministre * L {Louis} Barthou
46%
Souverain * G {Georges} 1er de Grèce
44%
Souverain * C {Caius} Julius Verus Maximinus
40%
Souverain * T {Titus} Flavius Domitianus
40%
Militant * M {Malcolm} Little
39%
Président * J {James} Garfield
37%
Souverain * M {Marcus} Annius Florianus
37%
Souverain * M {Marcus} Aurelius Probus
37%
Souverain * M {Marcus} Aurelius Severus Alexander
37%
Avocat * M {Marcus} Tullius Cicero
37%
Pape * C {Clément} II
32%
Souverain * M {Mohamed} Anouar el-Sadate
28%
Souverain * L {Lucius} Aelius Aurelius Commodus
25%
Souverain * L {Lucius} Domitius Aurelianus
25%
Souverain * L {Lucius} Publius Septimius Antonius Geta
25%
Souverain * L {Lucius} Septimius Bassianus
25%
Prince héritier * A {Alexis} de Russie
23%
Président * M F S {Marie François Sadi} Carnot
23%
Souverain * F {Flavius} Gratianus Augustus
21%
Souverain * F {Flavius} Valentinianus
21%
Pape * E {Etienne} IX
18%
Souverain * F {Fayçal} II d'Arabie Saoudite
18%
Souverain * F {Fayçal} II d'Irak
18%
Journaliste * G {Gaston} Calmette
16%
Souverain * H {Humbert} 1er d'Italie
16%
Amiral * G {Gaspard} II de Coligny
14%
Religieux * G {Grigori} Efimovitch Raspoutine
14%
Président * W {Wiliam} McKinley
7%
Souverain * C {Childebert} II
5%
Souverain * T {Tiberius} Claudius Drusus
5%
Général * C {Caïus] Julius Caesar
4%
Souverain * P {Publius} Helvius Pertinax
4%
Souverain * P {Publius} Licinius Egnatius Gallienus
4%
Pape * C {Calixte} 1er
2%
Souverain * H |Henri} III de Valois
2%
Souverain * T {Tafari} Makonnen
2%
Souverain * A {Aulus} Vitellius Germanicus
0%
Souverain * C {Caïus] Julius Germanicus
0%
Consul * C {Cnaeus} Pompeius
0%
Prince héritier {Louis Philippe} du Portugal
0%
Souverain * S {Servius} Sulpicius Galba
0%
Souverain * V {Varius} Avitus Bassianus
0%
Aucun quiz correspondant
Distribution des résultats
% des personnes avec chaque résultat
Percentile par nombre de réponses
Votre historique - résultats
Vous n’avez pas pris ce quiz